Calculus/ (Record no. 67)
[ view plain ]
| 000 -LEADER | |
|---|---|
| fixed length control field | 00500nam a2200205Ia 4500 |
| 003 - CONTROL NUMBER IDENTIFIER | |
| control field | OSt |
| 005 - DATE AND TIME OF LATEST TRANSACTION | |
| control field | 20251003191423.0 |
| 008 - FIXED-LENGTH DATA ELEMENTS--GENERAL INFORMATION | |
| fixed length control field | 221012s9999||||xx |||||||||||||| ||und|| |
| 020 ## - INTERNATIONAL STANDARD BOOK NUMBER | |
| International Standard Book Number | 0070592519 |
| 040 ## - CATALOGING SOURCE | |
| Transcribing agency | Chuka University Library |
| 050 ## - LIBRARY OF CONGRESS CALL NUMBER | |
| Classification number | QA 303 |
| Item number | .S654 2002 |
| 100 ## - MAIN ENTRY--PERSONAL NAME | |
| Personal name | Smith, Robert.T. |
| 9 (RLIN) | 131 |
| 245 #0 - TITLE STATEMENT | |
| Title | Calculus/ |
| 250 ## - EDITION STATEMENT | |
| Edition statement | 2nd ed. |
| 260 ## - PUBLICATION, DISTRIBUTION, ETC. | |
| Place of publication, distribution, etc. | Boston |
| Name of publisher, distributor, etc. | McGrawhill |
| Date of publication, distribution, etc. | 2002 |
| 300 ## - PHYSICAL DESCRIPTION | |
| Extent | 427p. |
| 650 ## - SUBJECT ADDED ENTRY--TOPICAL TERM | |
| Topical term or geographic name entry element | Calculus |
| 9 (RLIN) | 132 |
| 700 ## - ADDED ENTRY--PERSONAL NAME | |
| Personal name | Roland B. Minton |
| 9 (RLIN) | 133 |
| 942 ## - ADDED ENTRY ELEMENTS (KOHA) | |
| Koha item type | Long Loan Books |
| Source of classification or shelving scheme | Library of Congress Classification |
| Koha issues (borrowed), all copies | 1 |
| Withdrawn status | Lost status | Damaged status | Not for loan | Collection | Home library | Current library | Shelving location | Date acquired | Total Checkouts | Full call number | Barcode | Date last seen | Price effective from | Koha item type | Source of classification or shelving scheme | Date last checked out | Copy number |
|---|---|---|---|---|---|---|---|---|---|---|---|---|---|---|---|---|---|
| General Collection Books | Main Campus Library | Main Campus Library | General Stacks | 12/10/2022 | QA 303 .S654 2002 | 800/2006 | 13/10/2023 | 12/10/2022 | Long Loan Books | ||||||||
| General Collection Books | Main Campus Library | Main Campus Library | General Stacks | 21/10/2022 | 1 | QA 303 .S6542 2002 | 805/2006 | 11/10/2025 | 21/10/2022 | Long Loan Books | Library of Congress Classification | 03/10/2025 | 1 |
